00520nam a2200169Ia 4500008004100000040001900041041001200060082002300072100002400095245006500119260004100184300001700225504003200242650002400274651003100298850002100329131103s9999 xx 000 0 und d aLoreto College aEnglish a821.71/WORbLCLIB/ aWordsworth, William 4aThe Poetical Works Of William WordsworthcWilliam Wordsworth aLondonbWard, Lock & CO., Ltdc[19?] a567p c 21cm aIncludes notes and appendix aWordsworth, William aEnglish poetry - criticism aLCLIB/821.71/WOR